[Event "Memorial Estrada"]
[Site "masterchessopen.com - Argentina"]
[Round "0"]
[White "Soppe Guillermo (ARG)"]
[Black "Valiente Cristobal (PAR)"]
[Result "1-0"]
[WhiteElo "2424"]
[BlackElo "2263"]

1.d4 Nf6 2.c4 e6 3.Nf3 c5 4.d5 d6 5.Nc3 exd5 6.cxd5 g6 7.g3 Bg7 8.Bg2 O-O
9.O-O Na6 10.Nd2 Nc7 11.a4 b6 12.Nc4 Ba6 13.Qb3 Qd7 14.Na3 b5 15.axb5 Rfb8
16.Nc4 Bxb5 17.Nxb5 Nxb5 18.Qd3 Ne8 19.e3 Nbc7 20.Ra2 a5 21.Rxa5 Rxa5 22.Nxa5
Bxb2 23.Nc6 Rb5 24.Bxb2 Rxb2 25.Qc3 Ra2 26.Rb1 h5 27.e4 Kh7 28.h3 Qc8 29.Qf3
Kg7 30.Rb8 Qa6 31.Nd8 Nf6 32.Rb7 Qa8 33.e5 dxe5 34.Ne6+ Nxe6 35.dxe6 Ra7
36.Rxf7+ Rxf7 37.Qxa8 {#r} 1-0

[Event "It"]
[Site "masterchessopen.com - Bad Lauterberg (Germany)"]
[Round "0"]
[White "Dautov Rustem (GER)"]
[Black "Gruenberg Hans-Ulrich (GER)"]
[Result "1-0"]
[WhiteElo "2595"]
[BlackElo "2402"]

1.d4 Nf6 2.c4 g6 3.Nf3 Bg7 4.g3 O-O 5.Bg2 c5 6.d5 e6 7.Nc3 exd5 8.cxd5 d6
9.O-O Na6 10.Bf4 Nc7 11.a4 b6 12.e4 Bg4 13.h3 Bxf3 14.Bxf3 Nfe8 15.Qd2 a6
16.Bg2 Rb8 17.Bg5 Qd7 18.Bh6 Bxh6 19.Qxh6 f6 20.Qd2 Ng7 21.f4 Rbe8 22.g4 Qd8
23.Bf3 g5 24.Ne2 a5 25.Bg2 Qe7 26.Ng3 gxf4 27.Rxf4 Qe5 28.Raf1 Rc8 29.R1f2 c4
30.Nf5 Na6 31.g5 Nc5 32.Nh6+ Kh8 33.Rxf6 {#r} 1-0

[Event "Ch World (seniors)"]
[Site "masterchessopen.com - Bad Woerishofen (Germany)"]
[Round "3"]
[White "Winiwarter Felix (AUT)"]
[Black "Tessmer Herbert (GER)"]
[Result "1-0"]
[WhiteElo "2176"]
[BlackElo "1855"]

1.d4 Nf6 2.Nf3 c5 3.d5 e6 4.c4 exd5 5.cxd5 d6 6.Nc3 g6 7.g3 Bg7 8.Bg2 O-O
9.O-O Na6 10.Nd2 Nc7 11.Nc4 b5 12.Nxd6 Qxd6 13.Bf4 Qb6 14.d6 Ncd5 15.Nxd5 Nxd5
16.Bxd5 Bh3 17.Bxa8 Bxf1 18.Kxf1 Rxa8 19.Qd5 Rd8 20.Rd1 h6 21.Be5 Rd7 22.Bxg7
Kxg7 23.e4 f6 24.f4 c4 25.Kg2 a6 26.e5 fxe5 27.fxe5 Rf7 28.e6 {#r} 1-0

[Event "It (open)"]
[Site "masterchessopen.com - Caorle (Italy)"]
[Round "0"]
[White "Ristovic Nenad (CAN)"]
[Black "Malfagia Andrea (ITA)"]
[Result "0-1"]
[WhiteElo "2198"]
[BlackElo "2261"]

1.d4 Nf6 2.c4 c5 3.d5 e6 4.Nc3 exd5 5.cxd5 d6 6.g3 g6 7.Bg2 Bg7 8.Nf3 O-O
9.O-O Na6 10.Nd2 Nc7 11.a4 b6 12.Rb1 Re8 13.Re1 Rb8 14.b4 Bf5 15.e4 Nfxd5
16.Nxd5 Nxd5 17.exd5 Bxb1 18.Nxb1 cxb4 19.Be3 b5 20.Nd2 Bc3 21.axb5 Rxb5
22.Bxa7 Rxe1+ 23.Qxe1 Ra5 24.Qe3 Bxd2 25.Qxd2 Rxa7 26.Qxb4 Ra1+ 27.Bf1 Qf6
28.Kg2 Ra2 29.Qb6 Rd2 30.Bc4 Qd4 31.Qxd6 Qxf2+ 32.Kh3 Qxh2+ 33.Kg4 Qh5+ 34.Kf4
Qf5+ 35.Ke3 Qf2+ 36.Ke4 Qd4+ {#R} 0-1

[Event "It (open)"]
[Site "masterchessopen.com - Cappelle la Grande (France)"]
[Round "0"]
[White "Lacrosse Marc (BEL)"]
[Black "Dumitrache Dragos-Nicolae (ROM)"]
[Result "0-1"]
[WhiteElo "2144"]
[BlackElo "2454"]

1.d4 Nf6 2.c4 c5 3.d5 g6 4.Nf3 d6 5.Nc3 Bg7 6.g3 e6 7.Bg2 exd5 8.cxd5 O-O
9.O-O Re8 10.Nd2 b6 11.a4 Na6 12.Nc4 Nc7 13.Nxd6 Qxd6 14.Bf4 Qd7 15.d6 Ne6
16.Bxa8 Nxf4 17.gxf4 Qg4+ 18.Kh1 Qh4 19.Bf3 Bb7 20.d7 Rd8 21.e4 Qxf4 22.Qe2
Nxd7 23.Qe3 Qxe3 24.fxe3 Bxc3 25.bxc3 Ne5 26.Bg2 Rd3 27.Rac1 Bc6 28.a5 bxa5
29.Rfd1 Rxe3 30.Re1 Rxe1+ 31.Rxe1 Kf8 32.Kg1 Ke7 33.Ra1 a4 34.Kf2 Nc4 35.Ra2
Ke6 36.Bf1 Nd6 37.Bd3 Bxe4 38.Ke3 Bc6 {#R} 0-1

[Event "It (open)"]
[Site "masterchessopen.com - Geneva (Switzerland)"]
[Round "0"]
[White "Gerber Richard (SUI)"]
[Black "Jurkovic Ante (CRO)"]
[Result "1-0"]
[WhiteElo "2393"]
[BlackElo "2346"]

1.d4 Nf6 2.Nf3 g6 3.c4 Bg7 4.Nc3 O-O 5.g3 c5 6.d5 e6 7.Bg2 exd5 8.cxd5 d6
9.O-O Re8 10.Bf4 a6 11.a4 h6 12.h3 g5 13.Bc1 Bf5 14.Nd2 Nbd7 15.e4 Bh7 16.f4
Qc7 17.Nc4 Nxe4 18.Nxe4 Bxe4 19.fxg5 hxg5 20.Bxg5 Bf6 21.h4 Ne5 22.Nxe5 Rxe5
23.Bf4 Ree8 24.Kh2 b5 25.h5 Bh7 26.axb5 axb5 27.Rxa8 Rxa8 28.h6 Bxb2 29.Qe2
Bd4 30.Qxb5 Qe7 31.Qb6 Be5 32.Re1 f6 33.Bh3 Kh8 34.Bxe5 fxe5 35.Rf1 Be4 36.Be6
{#r} 1-0

[Event "Regionalliga North South"]
[Site "masterchessopen.com - Germany"]
[Round "0"]
[White "Lanzendoerfer Johannes (GER)"]
[Black "Steinert Marc (GER)"]
[Result "0-1"]
[WhiteElo "2207"]
[BlackElo "2237"]

1.d4 Nf6 2.c4 e6 3.g3 c5 4.d5 exd5 5.cxd5 g6 6.Nc3 d6 7.Bg2 Bg7 8.Nf3 O-O
9.O-O a6 10.a4 Nbd7 11.Bf4 Qe7 12.Qd2 Re8 13.Rfe1 Rb8 14.Rab1 c4 15.b4 cxb3
16.Rxb3 Nc5 17.Ra3 Nfe4 18.Nxe4 Nxe4 19.Qb4 b5 20.Re3 Bf5 21.Nd4 a5 22.Nxf5
Qa7 23.Qb1 gxf5 24.Bxe4 bxa4 25.Qc2 fxe4 26.Bxd6 Rbc8 27.Qxa4 Bd4 28.Bf4 Bxe3
29.Bxe3 Qa6 30.Qd7 a4 31.d6 Re6 32.Rd1 a3 33.Rd5 a2 34.Rd1 a1=Q 35.Qxc8+ Qxc8
36.Rxa1 Rxd6 {#R} 0-1

[Event "Ch City"]
[Site "masterchessopen.com - Graz (Austria)"]
[Round "0"]
[White "Zupe Miran (SLO)"]
[Black "Janisch Robert (AUT)"]
[Result "1-0"]
[WhiteElo "2336"]
[BlackElo "2122"]

1.d4 Nf6 2.Nf3 g6 3.g3 Bg7 4.Bg2 O-O 5.c4 c5 6.d5 e6 7.Nc3 exd5 8.cxd5 d6 9.a4
Na6 10.O-O b6 11.Nd2 Nc7 12.Re1 Rb8 13.Nc4 Ba6 14.Na3 Qd7 15.h3 Bb7 16.Nc4 Ba6
17.Qb3 Bxc4 18.Qxc4 a6 19.Qh4 Nfe8 20.Bg5 f5 21.Bh6 Bxh6 22.Qxh6 Nf6 23.Qh4
Rbe8 24.b4 Qf7 25.bxc5 bxc5 26.Qc4 Ne4 27.e3 Rb8 28.Nxe4 fxe4 29.Qc2 Nxd5
30.Bxe4 Nb4 31.Qd2 d5 32.Bg2 c4 33.Rf1 Qf5 34.Rad1 Nd3 35.Qa5 Nxf2 36.Qxd5+
Qxd5 37.Bxd5+ Kg7 38.Rxf2 {#r} 1-0

[Event "Tournament"]
[Site "masterchessopen.com - Helsingborg (Sweden)"]
[Round "0"]
[White "Solin Niclas (SWE)"]
[Black "Hultin Johan (SWE)"]
[Result "1-0"]
[WhiteElo "2270"]
[BlackElo "2235"]

1.d4 Nf6 2.c4 c5 3.d5 e6 4.Nc3 exd5 5.cxd5 d6 6.Nf3 g6 7.g3 Bg7 8.Bg2 O-O
9.O-O a6 10.a4 Nbd7 11.e4 Re8 12.Re1 Qe7 13.h3 h6 14.Bf4 Nh5 15.Bd2 Ne5
16.Nxe5 Qxe5 17.Qc1 g5 18.Qd1 Nf6 19.f4 Qd4+ 20.Be3 Qb4 21.Qd2 Nh5 22.Kh2 gxf4
23.gxf4 f5 24.Bf3 Nf6 25.e5 dxe5 26.fxe5 Rxe5 27.Bxh6 Qh4 28.Bxg7 Ng4+ 29.Bxg4
Rxe1 30.Qxe1 {#r} 1-0

[Event "Ch Hungary (team)"]
[Site "masterchessopen.com - Hungary"]
[Round "0"]
[White "Polyak Istvan (HUN)"]
[Black "Somogyi Istvan (HUN)"]
[Result "1-0"]
[WhiteElo "2105"]
[BlackElo "2205"]

1.d4 Nf6 2.c4 e6 3.g3 c5 4.d5 exd5 5.cxd5 d6 6.Nc3 g6 7.Bg2 Bg7 8.Nf3 O-O
9.O-O Na6 10.e4 Re8 11.Re1 Nc7 12.a4 Rb8 13.Bf4 Bg4 14.h3 Bxf3 15.Bxf3 a6
16.Qd3 b5 17.axb5 axb5 18.Rad1 b4 19.Na4 Nb5 20.e5 Nd7 21.exd6 Nd4 22.Bg2 g5
23.Bd2 Ne5 24.Rxe5 Bxe5 25.Nxc5 Qxd6 26.Ne4 Qg6 27.Be3 Nb5 28.d6 h6 29.d7 Red8
30.Qb3 Qe6 31.Qxe6 fxe6 32.Nc5 Kf7 33.Nb7 Rxb7 34.Bxb7 Bd4 35.Bc6 Na7 36.Bxd4
Nxc6 37.Bb6 {#r} 1-0

[Event "It (open)"]
[Site "masterchessopen.com - Rheinland (Germany)"]
[Round "0"]
[White "Goemann Jens (GER)"]
[Black "Sachs Thomas (GER)"]
[Result "1-0"]
[WhiteElo "2152"]
[BlackElo "1993"]

1.d4 Nf6 2.Nf3 e6 3.c4 c5 4.d5 exd5 5.cxd5 d6 6.Nc3 g6 7.g3 Bg7 8.Bg2 O-O
9.O-O Na6 10.Nd2 Nc7 11.a4 b6 12.Nc4 Ba6 13.Na3 Qd7 14.Re1 Rab8 15.e4 Nfe8
16.h3 f5 17.exf5 Qxf5 18.Be3 Qd7 19.Qd2 Nf6 20.Bh6 b5 21.Bxg7 Qxg7 22.axb5
Nxb5 23.Naxb5 Bxb5 24.Re6 Ne8 25.Qe3 a6 26.h4 Rf6 27.Nxb5 axb5 28.Rxe8+ Rf8
29.Rxb8 Rxb8 30.Qe6+ Kh8 31.Qxd6 Re8 32.Qxc5 Qxb2 33.Rd1 Qe2 34.Qd4+ Kg8 35.d6
{#r} 1-0

[Event "It (open)"]
[Site "masterchessopen.com - San Bernadino Brocco (Switzerland)"]
[Round "0"]
[White "Van Parreren Hanneke (NED)"]
[Black "Gheorghiu Florin (ROM)"]
[Result "0-1"]
[WhiteElo "2101"]
[BlackElo "2383"]

1.d4 Nf6 2.c4 c5 3.d5 g6 4.Nf3 d6 5.g3 e6 6.Nc3 exd5 7.cxd5 Bg7 8.Bg2 O-O
9.O-O Na6 10.Nd2 Nc7 11.a4 b6 12.Nc4 Ba6 13.Qb3 Bxc4 14.Qxc4 a6 15.e4 Nd7
16.Qe2 Rb8 17.Bf4 Ne5 18.Rab1 b5 19.axb5 axb5 20.b4 c4 21.Qd2 Nd3 22.Bh6 Bxh6
23.Qxh6 Qf6 24.Ne2 Rfe8 25.Qd2 Ra8 26.Nc1 Ra3 27.Nxd3 Rxd3 28.Qc2 Ra8 29.Rfc1
Qd4 30.Rd1 Rxd1+ 31.Qxd1 Qxd1+ 32.Rxd1 Ra4 33.Bh3 Kf8 34.Bd7 Rxb4 35.Ra1 c3
36.Ra7 c2 {#R} 0-1

[Event "It (cat.9)"]
[Site "masterchessopen.com - Santa Clara (Cuba)"]
[Round "0"]
[White "Borges Mateos Juan (CUB)"]
[Black "Ruban Vadim (RUS)"]
[Result "0-1"]
[WhiteElo "2483"]
[BlackElo "2575"]

1.d4 Nf6 2.c4 e6 3.Nf3 c5 4.d5 exd5 5.cxd5 g6 6.Nc3 Bg7 7.g3 O-O 8.Bg2 d6
9.O-O a6 10.a4 Nbd7 11.Bf4 Qe7 12.Re1 h6 13.e4 Ng4 14.a5 Nde5 15.Na4 Nxf3+
16.Bxf3 Ne5 17.Nb6 Rb8 18.Bg2 Bd7 19.b4 cxb4 20.Rb1 Bb5 21.Bf1 g5 22.Bxe5 Bxe5
23.Bxb5 axb5 24.Qd3 Bc3 25.Re2 Rbe8 26.f4 gxf4 27.gxf4 Kh8 28.Kh1 Rg8 29.e5
Qh4 30.Qf5 Rg4 31.Qxf7 Reg8 32.Qf6+ Qxf6 33.exf6 Bxf6 34.Rxb4 Rg1# 0-1

[Event "It"]
[Site "masterchessopen.com - Bucharest (Romania)"]
[Round "0"]
[White "Rogozenko Dorian (ROM)"]
[Black "Moldovan Daniel (ROM)"]
[Result "1-0"]
[WhiteElo "2405"]
[BlackElo "2436"]

1.d4 Nf6 2.c4 c5 3.d5 g6 4.Nc3 Bg7 5.Nf3 d6 6.g3 e6 7.Bg2 exd5 8.cxd5 O-O
9.O-O Na6 10.Nd2 Nc7 11.Nc4 b6 12.Nxd6 Qxd6 13.Bf4 Qd8 14.d6 Ne6 15.Bxa8 Nxf4
16.gxf4 Bh3 17.Bg2 Bxg2 18.Kxg2 Re8 19.e3 Re6 20.Qf3 Qxd6 21.Rad1 Qb8 22.Rd2
b5 23.Rfd1 Re8 24.Qc6 b4 25.Nd5 Nxd5 26.Rxd5 Bxb2 27.Rxc5 {#r} 1-0

[Event "It (open) \"]
[Site "masterchessopen.com - Buenos Aires (Argentina)"]
[Round "4"]
[White "Erbe Javier (ARG)"]
[Black "Fernandez Leonardo (ARG)"]
[Result "1-0"]
[WhiteElo "2190"]
[BlackElo "2266"]

1.d4 Nf6 2.g3 c5 3.d5 e6 4.c4 exd5 5.cxd5 d6 6.Bg2 g6 7.Nc3 Bg7 8.Nf3 O-O
9.O-O Na6 10.h3 Re8 11.Nd2 Nc7 12.a4 b6 13.Nc4 Ba6 14.Na3 Qd7 15.Re1 b5
16.axb5 Nxb5 17.Naxb5 Bxb5 18.Bf4 Nh5 19.Bg5 Rab8 20.e4 Qc7 21.g4 Nf6 22.e5
dxe5 23.d6 Qd7 {#r} 1-0

[Event "It (open)"]
[Site "masterchessopen.com - Geneva (Switzerland)"]
[Round "0"]
[White "Jukic Mirko (CRO)"]
[Black "Shabalov Alexander (USA)"]
[Result "0-1"]
[WhiteElo "2455"]
[BlackElo "2529"]

1.d4 Nf6 2.Nf3 e6 3.c4 c5 4.d5 exd5 5.cxd5 g6 6.Nc3 d6 7.g3 Bg7 8.Bg2 O-O
9.O-O Re8 10.a4 Ne4 11.Nxe4 Rxe4 12.Bg5 Qf8 13.Nd2 Rb4 14.Ra2 h6 15.Be3 Nd7
16.Qc1 b6 17.Ne4 Ba6 18.Nc3 Re8 19.Nb5 Ne5 20.Bd2 Bxb5 21.axb5 Rxb5 22.Qc2 Re7
23.Rb1 Qe8 24.Qa4 a5 25.h3 f5 26.Bf1 c4 27.f4 Rxd5 28.Qxe8+ Rxe8 29.b3 cxb3
30.Rxb3 Nc4 31.Bc3 {#R} 0-1

[Event "Ch Hamburg"]
[Site "masterchessopen.com - Hamburg (Germany)"]
[Round "9"]
[White "Nogly Christoph (GER)"]
[Black "Stelting Thorsten (GER)"]
[Result "0-1"]
[WhiteElo "2231"]
[BlackElo "2212"]

1.d4 e6 2.c4 Nf6 3.g3 c5 4.d5 exd5 5.cxd5 d6 6.Nc3 g6 7.Bg2 Bg7 8.Nf3 O-O
9.O-O a6 10.a4 Re8 11.Re1 Nbd7 12.e4 Qe7 13.Nd2 h5 14.h3 Ne5 15.Bf1 c4 16.Re3
Qc7 17.Kg2 Qd7 18.Kh2 Rb8 19.a5 h4 20.Re2 hxg3+ 21.fxg3 b5 22.axb6 Rxb6 23.Qa4
Qb7 24.Rf2 Rb4 25.Qd1 Nfg4+ 26.hxg4 Nxg4+ 27.Kg1 Bd4 28.Nxc4 Bxf2+ 29.Kg2 Ba7
30.Be2 Nf2 31.Qc2 Qd7 32.g4 Rxc4 {#R} 0-1

[Event "It (open)"]
[Site "masterchessopen.com - Karvina (Czech Republic)"]
[Round "1"]
[White "Tarasova Oksana (USA)"]
[Black "Brodsky Michail (UKR)"]
[Result "0-1"]
[WhiteElo "2170"]
[BlackElo "2553"]

1.d4 Nf6 2.c4 e6 3.g3 c5 4.d5 exd5 5.cxd5 d6 6.Nc3 g6 7.Bg2 Bg7 8.Nf3 O-O
9.O-O a6 10.a4 Nbd7 11.Bf4 Qe7 12.Re1 h6 13.e4 Ng4 14.Nh4 Nge5 15.Be3 Nb6
16.h3 Nec4 17.Bc1 Qd8 18.Qe2 Na5 19.Qc2 c4 20.Be3 Nb3 21.Ra3 Re8 22.Ne2 Bd7
23.a5 Na4 24.Qxc4 Nbc5 25.b4 Bb5 26.Qc2 Bb2 27.Ra2 Nd3 28.Rb1 Nxb4 29.Qb3 Nxa2
30.Qxa2 Bg7 {#R} 0-1

[Event "It (open)"]
[Site "masterchessopen.com - New York (USA)"]
[Round "0"]
[White "Kaidanov Gregory S (USA)"]
[Black "Ashley Maurice (USA)"]
[Result "1-0"]
[WhiteElo "2574"]
[BlackElo "2452"]

1.d4 Nf6 2.c4 e6 3.g3 c5 4.d5 exd5 5.cxd5 d6 6.Nc3 g6 7.Bg2 Bg7 8.Nf3 O-O
9.O-O Re8 10.Bf4 a6 11.a4 b6 12.Re1 Ra7 13.e4 h6 14.Qd2 Rae7 15.e5 dxe5
16.Bxe5 Bg4 17.Bxf6 Bxf6 18.Rxe7 Rxe7 19.Qxh6 Nd7 20.Qf4 Bxf3 21.Qxf3 Bd4
22.Rd1 Re5 23.g4 Qe7 24.Bf1 Rg5 25.h3 f5 26.Qf4 fxg4 27.hxg4 Be5 28.d6 Qf6
29.Bc4+ Kf8 30.Qxf6+ Bxf6 31.Be6 {#r} 1-0

[Event "It (active)"]
[Site "masterchessopen.com - Oviedo (Spain)"]
[Round "0"]
[White "Glavina Pablo (ARG)"]
[Black "Bennett Allan (USA)"]
[Result "1-0"]
[WhiteElo "2468"]
[BlackElo "2221"]

1.d4 Nf6 2.c4 c5 3.d5 e6 4.Nc3 exd5 5.cxd5 d6 6.Nf3 g6 7.g3 Bg7 8.Bg2 O-O
9.O-O Na6 10.Nd2 Nc7 11.Nc4 Rb8 12.Bf4 b5 13.Nxd6 Ba6 14.Nde4 b4 15.Nxf6+ Bxf6
16.Ne4 Bd4 17.Rc1 Rb5 18.Qa4 Rb6 19.Nxc5 Bxe2 20.Bxc7 Qxc7 21.Nd7 Qd8 22.Nxf8
Kxf8 23.Rfe1 Bb5 24.Qxb4+ {#r} 1-0

[Event "It (open) \"]
[Site "masterchessopen.com - Pardubice (Czech Republic)"]
[Round "0"]
[White "Hudecek Jan (CZE)"]
[Black "Lobach Pavel V (RUS)"]
[Result "1-0"]
[WhiteElo "2238"]
[BlackElo "2309"]

1.d4 Nf6 2.c4 c5 3.d5 e6 4.Nc3 exd5 5.cxd5 d6 6.g3 g6 7.Bg2 Bg7 8.Nf3 O-O
9.O-O Na6 10.Nd2 Rb8 11.a4 Nb4 12.Nc4 Ne8 13.Bf4 g5 14.Bd2 h6 15.Qb3 b6 16.Nb5
a6 17.Na7 Qc7 18.Nxc8 Rxc8 19.Rac1 a5 20.e4 Rb8 21.Ne3 b5 22.axb5 Qb6 23.Rfe1
Qxb5 24.Bf1 Qd7 25.Nf5 Nc7 26.Qf3 Nb5 27.Bxb4 axb4 28.Bxb5 Rxb5 29.Qh5 Ra5
30.h4 Ra2 31.b3 gxh4 32.Qg4 {#r} 1-0

[Event "It (open)"]
[Site "masterchessopen.com - Paris (France)"]
[Round "7"]
[White "Derieux Christian (FRA)"]
[Black "Moulain Jean-Pierre (FRA)"]
[Result "0-1"]
[WhiteElo "2025"]
[BlackElo "2185"]

1.d4 Nf6 2.c4 e6 3.Nf3 c5 4.d5 exd5 5.cxd5 d6 6.Nc3 g6 7.g3 Bg7 8.Bg2 O-O
9.O-O Na6 10.Nd2 Nc7 11.Nc4 b5 12.Nxd6 Qxd6 13.Bf4 Qb6 14.d6 Ne6 15.Bxa8 Nxf4
16.gxf4 Bh3 17.Bg2 Bxg2 18.Kxg2 Rd8 19.Qb3 Qc6+ 20.f3 b4 21.Qa4 Rxd6 22.Qxc6
Rxc6 23.Nd1 Nd5 24.Kg3 Bh6 25.e3 c4 26.Rf2 c3 27.bxc3 bxc3 28.Rc2 Bg7 29.Rb1
Nb6 30.Kf2 h5 31.Rb3 a5 32.Ke2 Nd5 33.a3 Nb6 34.Rb5 Nc4 35.Ra2 Nxa3 36.Rxa3 c2
{#R} 0-1

[Event "Ch Romania (team)"]
[Site "masterchessopen.com - Romania"]
[Round "0"]
[White "Danilov Ilie Vladimir (ROM)"]
[Black "Musat Adrian (ROM)"]
[Result "1-0"]
[WhiteElo "2441"]
[BlackElo "2382"]

1.d4 Nf6 2.c4 e6 3.Nc3 c5 4.d5 exd5 5.cxd5 d6 6.g3 g6 7.Bg2 Bg7 8.Nf3 O-O
9.O-O Na6 10.Nd2 Nc7 11.Nc4 Nfe8 12.a4 b6 13.Re1 Ba6 14.Na3 f5 15.e4 fxe4
16.Nxe4 Bb7 17.Bg5 Qd7 18.Nc3 Bd4 19.Be3 Bg7 20.h3 Nf6 21.Qd2 Rab8 22.Bf4 Nh5
23.Bh6 Bxh6 24.Qxh6 Nf6 25.Rad1 a6 26.Nc2 Rbe8 27.Qg5 Qf7 28.Rxe8 Nfxe8 29.Qd2
Bc8 30.b4 Nf6 31.Rb1 Nd7 32.Ne3 b5 33.axb5 Nxb5 34.Nxb5 axb5 35.bxc5 Nxc5
36.Rxb5 Qa7 37.Qa5 {#r} 1-0

[Event "Ch Spain (team)"]
[Site "masterchessopen.com - Spain"]
[Round "7"]
[White "Cuevas-Rodriguez Ma Luisa (ESP)"]
[Black "Fontana Sotomayor Luis Javier (ESP)"]
[Result "0-1"]
[WhiteElo "2185"]
[BlackElo "2345"]

1.d4 Nf6 2.c4 e6 3.g3 c5 4.d5 exd5 5.cxd5 d6 6.Nc3 g6 7.Bg2 Bg7 8.Nf3 O-O
9.O-O Na6 10.Nd2 Rb8 11.a4 Nb4 12.Nc4 Ne8 13.Bf4 g5 14.Bc1 f5 15.f4 g4 16.e4
fxe4 17.Bxe4 Nf6 18.Bb1 b6 19.Nb5 a6 20.Na7 Bb7 21.Nc6 Nxc6 22.dxc6 Bxc6
23.Qxd6 Qxd6 24.Nxd6 Nd5 25.Be4 Bd4+ 26.Kg2 Rbd8 27.Nc4 Nxf4+ 28.Rxf4 Rxf4
29.gxf4 Bxe4+ 30.Kg3 h5 31.Nxb6 Kf7 32.Nc4 h4+ 33.Kxh4 Bf2+ 34.Kh5 Rh8+ 35.Kg5
Rg8+ 36.Kh5 Bg6+ 37.Kh6 Kf6 {#R} 0-1

[Event "Ch Spain (team)"]
[Site "masterchessopen.com - Spain"]
[Round "0"]
[White "Pons Sastre Santiago (ESP)"]
[Black "Gil Reguera Juan Carlos (ESP)"]
[Result "1-0"]
[WhiteElo "2391"]
[BlackElo "2161"]

1.d4 Nf6 2.c4 c5 3.d5 e6 4.Nc3 exd5 5.cxd5 d6 6.Nf3 g6 7.g3 Bg7 8.Bg2 O-O
9.O-O a6 10.a4 Nbd7 11.a5 b5 12.axb6 Nxb6 13.e4 Re8 14.Re1 Nfd7 15.Bg5 Qc7
16.Qc2 Ne5 17.Nxe5 Bxe5 18.Nd1 Bg7 19.Bd2 Rb8 20.Ne3 Nd7 21.Ba5 Qb7 22.Nc4 Bf8
23.f4 Nf6 24.Bc3 Ng4 25.h3 Nh6 26.g4 f5 27.gxf5 gxf5 28.e5 Bd7 29.e6 Bb5
30.Re3 Bxc4 31.Rg3+ Ng4 32.Qxf5 Bg7 33.Bxg7 {#r} 1-0

[Event "It (open) \"]
[Site "masterchessopen.com - Budapest (Hungary)"]
[Round "5"]
[White "Korpics Zsolt (HUN)"]
[Black "Szalanczy Emil (HUN)"]
[Result "1-0"]
[WhiteElo "2319"]
[BlackElo "2365"]

1.d4 Nf6 2.c4 c5 3.d5 e6 4.Nc3 exd5 5.cxd5 d6 6.Nf3 g6 7.g3 Bg7 8.Bg2 O-O
9.O-O Bg4 10.Nd2 Qd7 11.a4 Na6 12.Nc4 Nh5 13.Nb5 Rfe8 14.f3 Bh3 15.Nbxd6 Bxg2
16.Kxg2 Nb4 17.Nxe8 Rxe8 18.e4 f5 19.Re1 fxe4 20.fxe4 Bd4 21.Ra3 Nf6 22.Nd2
Ng4 23.Re2 Re5 24.Nf3 Rh5 25.h4 Bg7 26.Qb3 Kh8 27.Bd2 Qe7 28.Qc4 a5 29.Bg5 Bf6
30.e5 Bxg5 31.hxg5 Rxg5 32.d6 Qd8 33.Nxg5 Qxg5 34.Qf4 {#r} 1-0

[Event "Ch Chess Club"]
[Site "masterchessopen.com - Buenos Aires (Argentina)"]
[Round "2"]
[White "Mondaca Omar (ARG)"]
[Black "Paglilla Carlos (ARG)"]
[Result "0-1"]
[WhiteElo "2176"]
[BlackElo "2325"]

1.d4 Nf6 2.c4 c5 3.d5 e6 4.Nc3 exd5 5.cxd5 d6 6.Nf3 g6 7.g3 Bg7 8.Bg2 O-O
9.O-O Re8 10.Bf4 Ne4 11.Nxe4 Rxe4 12.Nd2 Rxf4 13.gxf4 Bxb2 14.Rb1 Bg7 15.Nc4
b6 16.Qc2 Na6 17.e4 Nb4 18.Qb3 b5 19.Ne3 a5 20.Rbd1 a4 21.Qb1 a3 22.e5 dxe5
23.d6 Ra6 24.Qe4 Rxd6 25.Rxd6 Qxd6 26.Rd1 Qf8 27.fxe5 c4 28.Qh4 Nd3 29.Nd5
Bxe5 30.Ne7+ Kg7 31.Nd5 Qc5 {#R} 0-1

[Event "It (open)"]
[Site "masterchessopen.com - Cappelle la Grande (France)"]
[Round "8"]
[White "Urban Klaudiusz (POL)"]
[Black "Chuchelov Vladimir (BEL)"]
[Result "0-1"]
[WhiteElo "2450"]
[BlackElo "2500"]

1.d4 Nf6 2.c4 e6 3.g3 c5 4.d5 exd5 5.cxd5 d6 6.Nc3 g6 7.Bg2 Bg7 8.Nf3 O-O
9.O-O Na6 10.Bf4 Re8 11.Rc1 Nh5 12.Bg5 Qd7 13.a3 b5 14.b4 Bb7 15.Qd3 cxb4
16.axb4 Nxb4 17.Qxb5 Qxb5 18.Nxb5 Rxe2 19.Nfd4 Rb2 20.Nc6 h6 21.Be3 Ba6
22.Nxd6 Bxf1 23.Kxf1 Na2 24.Ne7+ Kf8 25.Rc7 Be5 26.Bxh6+ Ng7 27.Rd7 Rb1+
28.Ke2 Bxd6 29.Nxg6+ Kg8 30.Rxd6 Nf5 31.Ra6 fxg6 32.Bg5 Re8+ 33.Kd2 Rb2+
34.Kd1 Ree2 35.d6 Nc3+ 36.Kc1 Rb1# 0-1

[Event "It"]
[Site "masterchessopen.com - Cipolletti (Argentina)"]
[Round "3"]
[White "Pizarro Pablo (ARG)"]
[Black "Pacheco Daniel (ARG)"]
[Result "0-1"]
[WhiteElo "2188"]
[BlackElo "2313"]

1.d4 Nf6 2.c4 e6 3.g3 c5 4.d5 exd5 5.cxd5 g6 6.Bg2 Bg7 7.Nc3 O-O 8.Nf3 d6
9.O-O Re8 10.Nd2 b6 11.Nc4 Ba6 12.Qb3 Bxc4 13.Qxc4 Nbd7 14.Qa6 Qe7 15.a4 Nb8
16.Qb5 Nbd7 17.Qa6 Nb8 18.Qb5 Nfd7 19.Bf4 Ne5 20.Bxe5 Bxe5 21.e3 Nd7 22.Qa6 h5
23.Bh3 Nf6 24.Rfd1 h4 25.Ne2 hxg3 26.hxg3 Kg7 27.a5 Rab8 28.Nf4 b5 29.Bf1 c4
30.Rab1 Ne4 31.Bh3 Nxf2 32.Kxf2 Bxf4 33.exf4 Qe2+ 34.Kg1 Re3 {#R} 0-1

[Event "it (open) (zt)"]
[Site "masterchessopen.com - Dublin (Ireland)"]
[Round "0"]
[White "Arkell Keith C (ENG)"]
[Black "Rayner Francis (WLS)"]
[Result "1-0"]
[WhiteElo "2409"]
[BlackElo "2148"]

1.d4 Nf6 2.Nf3 c5 3.d5 e6 4.c4 exd5 5.cxd5 g6 6.Nc3 d6 7.g3 Bg7 8.Bg2 O-O
9.O-O Na6 10.Nd2 Nc7 11.Nc4 Nfe8 12.a4 b6 13.Qd2 Ba6 14.b3 Nf6 15.Bb2 Bxc4
16.bxc4 Ng4 17.e4 Na6 18.Qe2 Nf6 19.f4 Re8 20.e5 Nb4 21.e6 fxe6 22.dxe6 Rc8
23.f5 gxf5 24.Rxf5 Qe7 25.Nd5 Rf8 26.Raf1 Ne4 27.Rf7 Bxb2 28.Qxe4 Bd4+ 29.Kh1
{#r} 1-0

[Event "It (open)"]
[Site "masterchessopen.com - Hamburg (Germany)"]
[Round "9"]
[White "Davies Nigel R (ENG)"]
[Black "Lyrberg Patrik (SWE)"]
[Result "1-0"]
[WhiteElo "2505"]
[BlackElo "2420"]

1.d4 Nf6 2.c4 e6 3.g3 c5 4.d5 exd5 5.cxd5 d6 6.Nc3 g6 7.Nf3 Bg7 8.Bg2 O-O
9.O-O Qe7 10.h3 Ne4 11.Nxe4 Qxe4 12.Bf4 Qe7 13.Qd2 Nd7 14.e4 b6 15.Rfe1 f6
16.b4 g5 17.Be3 h6 18.Rab1 Qf7 19.Qc2 Ba6 20.bxc5 bxc5 21.Qa4 Bd3 22.Rb7 Rfd8
23.Qa3 Bxe4 24.Nxg5 hxg5 25.Bxe4 f5 26.Bf3 Qf6 27.Bc1 Ne5 28.Bb2 Rf8 29.Bxe5
dxe5 30.Qxc5 e4 31.Bg2 f4 32.gxf4 gxf4 33.Bxe4 Rae8 34.d6 Kh8 35.Qh5+ {#r} 1-0

[Event "It (open)"]
[Site "masterchessopen.com - Iraklion (Greece)"]
[Round "3"]
[White "Blees Albert (NED)"]
[Black "Mattick Lutz (GER)"]
[Result "1-0"]
[WhiteElo "2415"]
[BlackElo "2257"]

1.d4 Nf6 2.c4 e6 3.Nf3 c5 4.d5 exd5 5.cxd5 d6 6.Nc3 g6 7.g3 Bg7 8.Bg2 O-O
9.O-O a6 10.a4 Nbd7 11.Bf4 Qc7 12.h3 Re8 13.Re1 Rb8 14.e4 Nh5 15.Bg5 b5
16.axb5 axb5 17.Bf1 c4 18.Nd4 b4 19.Ncb5 Rxb5 20.Nxb5 Qc5 21.Bxc4 Re5 22.Qc1
Rxg5 23.Qxg5 Ne5 24.Be2 Nf6 25.Rec1 {#r} 1-0